| 000 | 00776cam a2200265 4500 | ||
|---|---|---|---|
| 001 | 18039 | ||
| 003 | BD-RjUL | ||
| 005 | 20211209000229.0 | ||
| 008 | 140219r19691894nyu 001 1 eng | ||
| 020 | _a0837127556 | ||
| 035 | _a(BD-RjUL)18097 | ||
| 040 |
_aDLC _cDLC _dBD-RjUL _beng |
||
| 041 | _aeng | ||
| 082 | 0 | 0 |
_a820.9003 _bGOJ 1969 |
| 100 | 1 |
_aGosse, Edmund, _d1849-1928. _923838 |
|
| 245 | 1 | 4 |
_aThe Jacobean poets / _cEdmund Gosse. |
| 260 |
_aNew York : _bGreenwood Press, _c1894 [Reprinted 1969]. |
||
| 300 |
_avi, 226 p. ; _c22 cm. |
||
| 490 | 0 | _aThe University series | |
| 500 | _aIncludes index. | ||
| 650 | 0 |
_aEnglish poetry _yEarly modern, 1500-1700 _xHistory and criticism. _94392 |
|
| 942 |
_2ddc _cBK |
||
| 999 |
_c18039 _d18039 |
||